The Performance Management Activity Pack. (Record no. 349197)
[ view plain ]
| 000 -LEADER | |
|---|---|
| fixed length control field | 00467 a2200157 4500 |
| 020 ## - INTERNATIONAL STANDARD BOOK NUMBER | |
| International Standard Book Number | 0814471269 |
| 024 ## - OTHER STANDARD IDENTIFIER | |
| Standard number or code | 9780814471265 |
| 082 ## - DEWEY DECIMAL CLASSIFICATION NUMBER | |
| Classification number | 658.4'07125 |
| 090 ## - LOCALLY ASSIGNED LC-TYPE CALL NUMBER (OCLC); LOCAL CALL NUMBER (RLIN) | |
| -- | 6858 |
| -- | 6858 |
| 100 ## - MAIN ENTRY--PERSONAL NAME | |
| Personal name | Gillen,Terry |
| 245 ## - TITLE STATEMENT | |
| Title | The Performance Management Activity Pack. |
| Remainder of title | Tools for Building Appraisal and Performance Development Skills. |
| Statement of responsibility, etc. | Terry Gillen |
| 260 ## - PUBLICATION, DISTRIBUTION, ETC. | |
| Place of publication, distribution, etc. | New York |
| Name of publisher, distributor, etc. | AMACOM |
| Date of publication, distribution, etc. | 2001. |
| 300 ## - PHYSICAL DESCRIPTION | |
| Extent | 317p. |
| 500 ## - GENERAL NOTE | |
| General note | Paper cover |
| 942 ## - ADDED ENTRY ELEMENTS (KOHA) | |
| Institution code [OBSOLETE] | NBS |
| Koha item type | Book |
| Call number prefix | 658.4'07125 GIL |
| Withdrawn status | Lost status | Damaged status | Not for loan | Permanent Location | Current Location | Date acquired | Total Checkouts | Full call number | Barcode | Checked out | Date last seen | Date last checked out | Price effective from | Koha item type |
|---|---|---|---|---|---|---|---|---|---|---|---|---|---|---|
| Central Library (CL) | Central Library (CL) | 08/28/2013 | 3 | 658.4'07125 GIL | NBS8940 | 10/23/2024 | 06/25/2024 | 06/25/2024 | 08/28/2013 | Book |
